000 01194nam a2200337 c 4500
003 BLK
005 20250717083835.0
008 180408b bul|||||r ||||||| ||bul||
010 _aKNG00055696000
020 _a84-9819-031-2
040 _aBLK
041 _aBUL
_cBUL
080 _aАнглийска литература
_b821.111
_x-31
_z821.111-31
100 1 _aКонрад, Джоузеф
_eпърви автор
_9284026
139 _aКонрад, Джоузеф
_bК 81
245 1 0 _aПрагът на зрелостта
_bРоман
_cДжоузеф Конрад; прев. от англ. Христо Кънев.
257 _aGBR
260 _bMediasat Group, S. A.
_c2005
_fОтпеч. в Германия
300 _a126 с.
_c21 см
380 _aX
490 _aЗлатна колекция ХХ век
_v26
500 _aОриг. загл. The Shadow Line. - Офс. изд.
700 1 _aКънев, Христо
_eпрев. от англ.
_9363580
852 _aЦб 224905
856 4 _qpdf
856 4 _qpdf
942 _cKNG
_n0
_05
944 _aCR
_c05.10.2005
_k30556
_lТеодора Пейчева-Дянкова
944 _aED
_c07.02.2014
999 _c51781
_d51781
999 _d51781